Central Library OPAC University of Rajshahi

আকবর নামা / (Record no. 84988)

MARC details
000 -LEADER
fixed length control field 00895nam a2200229 a 4500
001 - CONTROL NUMBER
control field 84988
003 - CONTROL NUMBER IDENTIFIER
rucl marc code BD-RjUL
005 - DATE AND TIME OF LATEST TRANSACTION
control field 20250528155124.0
008 - FIXED-LENGTH DATA ELEMENTS--GENERAL INFORMATION
fixed length control field 250528s1977 ii ||||| |||| 00| 0 eng d
035 ## - SYSTEM CONTROL NUMBER
System control number (BD-RjUL)84988
040 ## - CATALOGING SOURCE
Original cataloging agency BD-RjUL
Language of cataloging eng
Transcribing agency BD-RjUL
041 ## - LANGUAGE CODE
Language code of text/sound track or separate title ben
082 ## - DEWEY DECIMAL CLASSIFICATION NUMBER
Edition number 23
Classification number 954.0254
Author mark and year PAA 1977
100 ## - MAIN ENTRY--PERSONAL NAME
Personal name পাদ্রী, যেশুইট
9 (RLIN) 15675
245 ## - TITLE STATEMENT
Title আকবর নামা /
Statement of responsibility, etc. যেশুইট পাদ্রী , অনুবাদক নির্মল কুমার ঘোষ
260 ## - PUBLICATION, DISTRIBUTION, ETC. (IMPRINT)
Place of publication, distribution, etc. কলিকাতা :
Name of publisher, distributor, etc. ফার্মা কে এন সুকোন,
Date of publication, distribution, etc. ১৯৭৭
300 ## - PHYSICAL DESCRIPTION
Pagination ২৬০ পৃ.;
Size ২২ সেমি.
650 ## - SUBJECT ADDED ENTRY--TOPICAL TERM
Topical term or geographic name as entry element আকবর
General subdivision ইতিহাস
Geographic subdivision ভারত
9 (RLIN) 15676
Topical term or geographic name as entry element Akbar
General subdivision History
Chronological subdivision India
9 (RLIN) 15677
700 ## - ADDED ENTRY--PERSONAL NAME
Personal name ঘোষ, নির্মল কুমার
942 ## - ADDED ENTRY ELEMENTS (KOHA)
Source of classification or shelving scheme Dewey Decimal Classification
Koha item type Books
Holdings
Lost status Source of classification or shelving scheme Damaged status Not for loan Collection code Permanent Location Current Location Shelving location Date acquired Total Checkouts Full call number Date last seen Copy number Koha item type
  Dewey Decimal Classification   Not For Loan Non-fiction Central Library, University of Rajshahi Central Library, University of Rajshahi Reading Room 28/05/2025   B 954.0254 PAA 1977 28/05/2025 C-1 Books